[Event "GRE-ch U16"]
[Site "Greece"]
[Date "2001.04.12"]
[Round "6"]
[White "Papathanasiou, Antonios"]
[Black "Siros, L."]
[Result "1-0"]
[WhiteElo "1805"]
[BlackElo "1495"]
[PlyCount "73"]
[EventDate "2001.04.??"]
[EventType "swiss"]
[EventRounds "7"]
[EventCountry "GRE"]
[SourceTitle "EXT 2003"]
[Source "ChessBase"]
[SourceDate "2002.11.25"]
[SourceVersion "1"]
[SourceVersionDate "2002.11.25"]
[SourceQuality "1"]

1. e4 c5 2. Nf3 d6 3. d4 cxd4 4. Nxd4 Nf6 5. Nc3 a6 6. Be3 e6 7. f3 Qc7 8. g4 b5 9. g5 Nfd7 10. Qd2 Ne5 11. 0-0-0 Qa5 12. f4 b4 13. Nb1 Nec6 14. Bc4 Bb7 15. Rhe1 Nxd4 16. Bxd4 Nc6 17. Bf2 Be7 18. Bg3 Rc8 19. Bb3 0-0 20. h4 Qb5 21. h5 a5 22. g6 a4 23. gxf7+ Kh8 24. Bxe6 b3 25. Nc3 bxa2 26. Nxa2 Bf6 27. e5 dxe5 28. Nc3 Qa5 29. Bxc8 a3 30. Na2 axb2+ 31. Kb1 Qb5 32. fxe5 Nxe5 33. Bxe5 Bxc8 34. Bxf6 gxf6 35. Re8 Rxe8 36. fxe8Q+ Qxe8 37. Qd8 1-0